000 00757nam a2200229Ia 4500
001 3106
003 GE_BSU
008 181216s||||||||xx |||||||||||||| ||und||
020 _a851730889
040 _cGE_BSU
080 _a338.45(07)
100 _aШвандар. В.А.В.П. Прасолова,
245 _aэкономика предприятия:тесты Задачи ситуации: учебное пособие для вузов,
245 _cглав.ред. изд. ВА Н.Д. Эриашвили
260 _aМосква
260 _bБанки и Биржи, ЮНИТИ
260 _c1997
300 _a95 ст. 20 см.
541 _h2 Л. 20 Т.
653 _aэкономика предприятия:
942 _cBK
999 _c37150
_d37150